000 00974nam a2200241 i 4500
005 20250625155545.0
008 250625s2023 ii er 000 f tam d
020 _cRM63.00
_qpaperback
040 _aPPAK
_beng
_cPPAK
_erda
082 0 4 _223
_a894.8113
090 0 0 _a894.8113
_bMEG
_dG
100 1 _6880-01
_aMegan, Priya,
_eauthor.
245 1 0 _6880-02
_aKarvam Vīḻntataṭi Uṉ Viḻiyacaivil = Pride Has Fallen, in Your Death Gesture /
_cPriya Megan
264 1 _aTamil Nadu, India :
_bPriyamegan Publishing House,
_c2023
300 _a326 pages ;
_c18 cm
336 _atext
_2rdacontent
337 _aunmediated
_2rdamedia
338 _avolume
_2rdacarrier
650 1 0 _aTamil fiction
880 1 _6100-01
_aமெகன், பிரியா,
_eஆசிரியர்.
880 1 0 _6245-02
_aகர்வம் வீழ்ந்ததடி உன் விழியசைவில் /
_cபிரியா மெகன்
942 _2ddc
_cB
999 _c199879
_d199879